000 00296nam a22001337a 4500
008 171101b xxu||||| |||| 00| 0 eng d
020 _a9780130913609
041 _aeng
080 _25 ED
_a339
100 _a59
101 _aTRE
245 _aCONSUMER BEHAVIOR
_cSOLOMON.M.R
942 _2udc
_cBK
999 _c37026
_d37026